| 000 | 01039cam a22003011 4500 | ||
|---|---|---|---|
| 001 | gs 14000478 | ||
| 003 | DLC | ||
| 005 | 20260227111315.0 | ||
| 008 | 770725s1914 dcuf b f001 0 eng c | ||
| 010 | _ags 14000478 | ||
| 035 | _a(OCoLC)3138382 | ||
| 040 |
_aU.S. Geol. Survey. Library _cFTaSU _dFTaSU _dOCoLC _dISS _dDLC |
||
| 042 | _apremarc | ||
| 050 | 0 | 0 |
_aQE75 _b.P9 no. 83 |
| 082 | _a200 no.83 s | ||
| 086 | 0 | _aI 19.16:83 | |
| 100 | 1 |
_aSmith, James Perrin, _d1864-1931. |
|
| 245 | 1 | 4 |
_aThe middle Triassic marine invertebrate faunas of North America, _cby James Perrin Smith. |
| 260 |
_aWashington, _bGovt. Print. Off., _c1914. |
||
| 300 |
_a254 p. _bXCIX pl. on 500, fold. tab. _c30 cm. |
||
| 490 | 0 | _aU. S. Geological Survey. Professional paper 83 | |
| 500 | _aIssued also as House Doc. 587, 63d Cong., 2d sess. | ||
| 500 | _aPlates printed on both sides of leaves. | ||
| 504 | _aBibliography: p. 20-23. | ||
| 500 | _aIncludes index. | ||
| 650 | 0 |
_aPaleontology _yTriassic. |
|
| 650 | 0 |
_aPaleontology _zNorth America. |
|
| 999 |
_c25369 _d25369 |
||